000 00563nam a2200205 a 4500
001 20030
003 CO-ViMGA
008 141112s2004 ck r 000 u spa d
020 _a9681902351
040 _aCO-ViMGA
_bspa
_cCO-ViMGA
082 0 4 _aN 863.6 R154b
100 1 _aRamírez, Sergio
_923108
245 1 0 _aUn baile de máscaras
260 _aMexico :
_bAlfaguara,
_cAguilar,
_c1995
300 _a230 p.
490 _aAlfaguara hispánica
590 _aForma de adquisición : Premio Mincultura
650 1 4 _aNOVELA NICARAGUENSE
_950137
942 _2ddc
_cBK
999 _c29146
_d29146